000 00426nam a2200181Ia 4500
001 8718
005 20260306160630.0
008 260306t2005||||xx |||||||||||||| ||spa||
041 _aESP
082 _a371.3
_bL69
100 _aLizzi, Silvia
_eAUT
245 0 _aCómo realizar presentaciones exitosas
260 _c2005
300 _a125 páginas :
_c19 cm.
650 _aGEN
654 _aCED
942 _cLIB
_dJUS
_fJUS
_2ddc
_n
999 _c8718
_d8718